[Event "Hvar Arsenal blitz op 2nd"]
[Site "Hvar"]
[Date "2023.10.19"]
[Round "8"]
[White "Matosin, Jurica"]
[Black "Mrkic, Simun"]
[Result "0-1"]
[WhiteElo "1854"]
[BlackElo "1781"]
[PlyCount "75"]
[EventDate "2023.10.19"]
[EventType "swiss (blitz)"]
[EventRounds "11"]
[EventCountry "CRO"]
[SourceTitle "Mega2024 Update 01"]
[Source "Chessbase"]
[SourceDate "2023.11.12"]
[SourceVersion "1"]
[SourceVersionDate "2023.11.12"]
[SourceQuality "1"]

1. f4 g6 2. e4 Bg7 3. Nc3 Nc6 4. d3 e6 5. Nf3 Nge7 6. Be2 d5 7. exd5 Nxd5 8. Nxd5 Qxd5 9. 0-0 0-0 10. a3 a5 11. Rb1 b5 12. Be3 Bb7 13. c4 bxc4 14. dxc4 Qxd1 15. Rfxd1 Rfd8 16. b3 Ne7 17. Nd4 Be4 18. Rbc1 c6 19. a4 Rab8 20. Bf3 Bxd4 21. Bxd4 Bxf3 22. gxf3 Nf5 23. Bf6 Rxd1+ 24. Rxd1 c5 25. Rd8+ Rxd8 26. Bxd8 Nd4 27. Bxa5 Nxb3 28. Bb6 Nd2 29. Bxc5 Nxc4 30. Kf2 f6 31. Ke2 Kf7 32. Bb4 Nb6 33. a5 Nd5 34. a6 Nc7 35. a7 Ke8 36. Bd6 Na8 37. Kd3 Kd7 38. Bc5 0-1

[Event "CRO-chT U18"]
[Site "Cakovec"]
[Date "2019.12.29"]
[Round "5.3"]
[White "Novosel, Lovro"]
[Black "Matosin, Jurica"]
[Result "1-0"]
[WhiteElo "1634"]
[BlackElo "1609"]
[PlyCount "69"]
[EventDate "2019.12.27"]
[EventType "team-tourn"]
[EventRounds "7"]
[EventCountry "CRO"]
[SourceTitle "CBM 194 Extra"]
[Source "ChessBase"]
[SourceDate "2020.03.31"]
[SourceVersion "1"]
[SourceVersionDate "2020.03.31"]
[SourceQuality "1"]

1. c4 e6 2. Nf3 Nf6 3. e3 d5 4. b3 Be7 5. Be2 b6 6. 0-0 Bb7 7. Bb2 Nbd7 8. d3 0-0 9. Nbd2 c5 10. Ne5 Nxe5 11. Bxe5 Nd7 12. Bb2 Bf6 13. Qc2 Bxb2 14. Qxb2 Qg5 15. Nf3 Qg6 16. Rac1 f6 17. cxd5 Bxd5 18. d4 e5 19. dxc5 Nxc5 20. Bc4 Bxc4 21. Rxc4 Rfd8 22. b4 Nd3 23. Qc3 e4 24. Nd4 Qe8 25. Nc6 Rd7 26. a4 a6 27. b5 axb5 28. axb5 Ra2 29. Rxe4 Qxe4 30. Qb3+ Kf8 31. Qxa2 Qf5 32. Nd4 Qg6 33. Qe6 Ne5 34. Rc1 Qe8 35. Qxb6 1-0

[Event "Hvar op U16 3rd"]
[Site "Hvar"]
[Date "2019.10.06"]
[Round "2"]
[White "Matosin, Jurica"]
[Black "Grgantov, Marin"]
[Result "0-1"]
[WhiteElo "1587"]
[BlackElo "1833"]
[PlyCount "62"]
[EventDate "2019.10.05"]
[EventType "swiss"]
[EventRounds "6"]
[EventCountry "CRO"]
[SourceTitle "CBM 193 Extra"]
[Source "ChessBase"]
[SourceDate "2020.01.31"]
[SourceVersion "1"]
[SourceVersionDate "2020.01.31"]
[SourceQuality "1"]

1. b3 d5 2. e3 e6 3. Bb2 c6 4. Nf3 f5 5. d3 Nf6 6. Nbd2 Bc5 7. Rc1 0-0 8. c4 Bd6 9. Qc2 Qe7 10. Ne5 Qc7 11. Ndf3 g5 12. c5 Bxe5 13. Bxe5 Qa5+ 14. Bc3 Qxc5 15. Nxg5 Qd6 16. Qb2 Nbd7 17. Nf3 Qe7 18. Ne5 Nxe5 19. Bxe5 Ng4 20. Bg3 e5 21. h3 f4 22. hxg4 fxg3 23. f3 e4 24. dxe4 dxe4 25. Bc4+ Be6 26. f4 Rad8 27. Rh5 Bxc4 28. Rxc4 Rd5 29. g5 Rfd8 30. Rh6 Rd1+ 31. Ke2 Qd7 0-1

[Event "Hvar op U15"]
[Site "Hvar"]
[Date "2018.10.07"]
[Round "5"]
[White "Matosin, Jurica"]
[Black "Ljubicic, Mario"]
[Result "0-1"]
[WhiteElo "1586"]
[BlackElo "1832"]
[PlyCount "80"]
[EventDate "2018.10.05"]
[EventType "swiss"]
[EventRounds "6"]
[EventCountry "CRO"]
[SourceTitle "CBM 187 Extra"]
[Source "ChessBase"]
[SourceDate "2018.11.04"]
[SourceVersion "1"]
[SourceVersionDate "2018.11.04"]
[SourceQuality "1"]

1. d4 Nf6 2. Bf4 d5 3. c4 c6 4. cxd5 cxd5 5. Nc3 a6 6. e3 Bf5 7. Bd3 Bg6 8. Bxg6 hxg6 9. h3 e6 10. Nf3 Bd6 11. Bxd6 Qxd6 12. Ne5 Nc6 13. f4 Rc8 14. Rc1 0-0 15. 0-0 Qb4 16. Qe2 Nxe5 17. fxe5 Nd7 18. a3 Qc4 19. Qd2 Qb3 20. Ne2 Nb6 21. Rxc8 Rxc8 22. Nc3 Nc4 23. Qf2 Rc7 24. Nd1 Qd3 25. Kh1 Nd2 26. Re1 Ne4 27. Qh4 g5 28. Qg4 Qxd1 29. Qxd1 Nf2+ 30. Kg1 Nxd1 31. Rxd1 Rc2 32. Kf1 Rxb2 33. Rc1 Rb3 34. Rc8+ Kh7 35. Rc7 Kg6 36. a4 Rxe3 37. Rxb7 Ra3 38. Kf2 Rxa4 39. Ke3 Ra3+ 40. Kf2 Rd3 0-1

[Event "CRO-ch U13"]
[Site "Trogir"]
[Date "2017.06.21"]
[Round "8"]
[White "Matosin, Jurica"]
[Black "Cajner, Lukas"]
[Result "0-1"]
[WhiteElo "1421"]
[BlackElo "1271"]
[PlyCount "66"]
[EventDate "2017.06.17"]
[EventType "swiss"]
[EventRounds "9"]
[EventCountry "CRO"]
[SourceTitle "CBM 179 Extra"]
[Source "ChessBase"]
[SourceDate "2017.08.23"]
[SourceVersion "1"]
[SourceVersionDate "2017.08.23"]
[SourceQuality "1"]

1. d4 d5 2. e3 Nf6 3. c4 e6 4. Nc3 c6 5. Nf3 Be7 6. b3 0-0 7. Bd3 dxc4 8. bxc4 Nbd7 9. 0-0 b6 10. e4 Bb7 11. Bc2 Qc7 12. Qd3 e5 13. d5 cxd5 14. cxd5 Rac8 15. Bb2 Nc5 16. Qc4 Ba6 17. Nb5 Qd7 18. Nxe5 Qxb5 19. Qxb5 Bxb5 20. Rfe1 Rfe8 21. Rad1 Bd6 22. Nc6 Bxc6 23. dxc6 Be5 24. Bxe5 Rxe5 25. f4 Ree8 26. e5 Nh5 27. Bf5 Rxc6 28. Rc1 Rc7 29. a3 g6 30. Bb1 Rce7 31. g3 f6 32. g4 Nxf4 33. Ba2+ Kh8 0-1